Numerical heat transfer and fluid flow
This book is introductory in style and is intended for the potential practitioner of numerical heat transfer and fluid flow
Enregistré dans:
| Auteur principal: | |
|---|---|
| Format: | Livre |
| Langue: | Undetermined |
| Publié: |
New York
McGraw-Hill
1980
|
| Sujets: | |
| Tags: |
Ajouter un tag
Pas de tags, Soyez le premier à ajouter un tag!
|
| Thư viện lưu trữ: | Trung tâm Học liệu Trường Đại học Cần Thơ |
|---|
| LEADER | 00711nam a2200205Ia 4500 | ||
|---|---|---|---|
| 001 | CTU_148546 | ||
| 008 | 210402s9999 xx 000 0 und d | ||
| 082 | |a 536.2 | ||
| 082 | |b P294 | ||
| 100 | |a Patankar, Suhas V. | ||
| 245 | 0 | |a Numerical heat transfer and fluid flow | |
| 245 | 0 | |c Suhas V. Patankar. | |
| 260 | |a New York | ||
| 260 | |b McGraw-Hill | ||
| 260 | |c 1980 | ||
| 520 | |a This book is introductory in style and is intended for the potential practitioner of numerical heat transfer and fluid flow | ||
| 650 | |a Heat,Fluid dynamics,Numerical analysis,Nhiệt | ||
| 650 | |x Transmission,Sự truyền nhiệt | ||
| 904 | |i Năm | ||
| 980 | |a Trung tâm Học liệu Trường Đại học Cần Thơ | ||